LEADER 00956nam a2200301 i 4500 001 991001251699707536 005 20020507113437.0 008 970308s1967 us ||| | eng 035 $ab10194678-39ule_inst 035 $aLE00644669$9ExL 040 $aDip.to Fisica$bita 084 $a53.0.67 084 $a53.4 084 $a53.5.2 084 $a539.7 084 $aQC776 100 1 $aGlasstone, Samuel$0923 245 10$aSourcebook on atomic energy /$cSamuel Glasstone 250 $a3rd ed. 260 $aPrinceton, NJ :$bD. Van Nostrand Company,$c1967 300 $avii, 883 p. :$bill. , 24 cm. 650 4$aNuclear energy 907 $a.b10194678$b21-09-06$c27-06-02 912 $a991001251699707536 945 $aLE006 53.4 GLA$g1$i2006000063234$lle006$o-$pE0.00$q-$rl$s- $t0$u1$v0$w1$x0$y.i10240317$z27-06-02 996 $aSourcebook on atomic energy$9191301 997 $aUNISALENTO 998 $ale006$b01-01-97$cm$da $e-$feng$gus $h0$i1 LEADER 00986nam a2200265 i 4500 001 991003877319707536 005 20030103125129.0 008 020524s1978 it ||| | ita 035 $ab1187739x-39ule_inst 035 $aPRUMB67028$9ExL 040 $aDip.to SSSC$bita 082 0 $a301.152 100 1 $aBasaglia, Franco$037262 245 13$aLa maggioranza deviante /$cFranco Basaglia e Franca Basaglia Ongaro 260 $aTorino :$bEinaudi,$c1978 300 $a183 p. ;$c18 cm. 490 0 $aNuovo politecnico ;$v43 650 4$aComportamento$xAnomalie$xControllo sociale 700 1 $aOngaro Basaglia, Franca$eauthor$4http://id.loc.gov/vocabulary/relators/aut$0533015 907 $a.b1187739x$b28-04-17$c07-01-03 912 $a991003877319707536 945 $aLE021 NAD55$g1$i2021000209376$lle021$o-$pE0.00$q-$rl$s- $t0$u1$v0$w1$x0$y.i12131969$z07-01-03 996 $aMaggioranza deviante$91042882 997 $aUNISALENTO 998 $ale021$b01-01-02$cm$da $e-$fita$git $h3$i1